A SIMPLE GUIDE TO 35MM PHOTOGRAPHY (Record no. 17058)
[ view plain ]
| 000 -LEADER | |
|---|---|
| fixed length control field | 00277nam a22001217a 4500 |
| 003 - CONTROL NUMBER IDENTIFIER | |
| control field | SGT |
| 082 ## - DEWEY DECIMAL CLASSIFICATION NUMBER | |
| Classification number | 302.23 |
| Item number | A2000C |
| 100 ## - MAIN ENTRY--PERSONAL NAME | |
| Personal name | CORBETT, BILL |
| 245 ## - TITLE STATEMENT | |
| Title | A SIMPLE GUIDE TO 35MM PHOTOGRAPHY |
| 260 ## - PUBLICATION, DISTRIBUTION, ETC. (IMPRINT) | |
| Place of publication, distribution, etc | AUSTRALIA |
| Name of publisher, distributor, etc | 4 C PROJECTS |
| Year of Publication | 2000 |
| 300 ## - PAGE DESCRIPTION | |
| No. of Pages | 176 |
| 942 ## - ADDED ENTRY ELEMENTS (KOHA) | |
| Source of classification or shelving scheme | Dewey Decimal Classification |
| Koha item type | Books |
| Withdrawn status | Lost status | Source of classification or shelving scheme | Damaged status | Not for loan | Collection code | Home library | Current library | Shelving location | Date acquired | Vendor Name | SGTU | Total Checkouts | Full call number | Accession No. (Barcode) | Date last seen | Bill Date | Koha item type |
|---|---|---|---|---|---|---|---|---|---|---|---|---|---|---|---|---|---|
| Dewey Decimal Classification | Not For Loan | MASS COMMUNICATION | SGT Science & Social Sciences Library | SGT Science & Social Sciences Library | Reference Book | 05/03/2019 | AMAZON | SGTU | 302.23 A2000C | MC580 | 05/03/2019 | 05/03/2019 | Books |